[Event "DVM U10 2024"]
[Site "Düsseldorf GER"]
[Date "2024.12.28"]
[Round "6"]
[White "Zielke, Mika"]
[Black "El-Issa, Erik"]
[Result "1-0"]
[Termination "normal"]
[Board "12.1"]
[WhiteElo "1623"]
[BlackElo "1530"]
[WhiteClock "00:25:38"]
[BlackClock "00:17:56"]
[WhiteTeam "Chemnitzer SC Aufbau95"]
[BlackTeam "USV Potsdam"]
[PlyCount "149"]
[WhiteFideId "34661816"]
[BlackFideId "533001782"]
[EventCountry "GER"]
[EventRounds "7"]
[EventType "team-swiss"]
[EventDate "2024.12.26"]

1. e4 {[%clk 00:55:08]} {[%emt 00:00:01]} e5 {[%clk 00:55:03]} {[%emt
00:00:07]} 2. Nf3 {[%clk 00:55:07]} {[%emt 00:00:07]} Nc6 {[%clk 00:55:02]}
{[%emt 00:00:05]} 3. Bc4 {[%clk 00:55:01]} {[%emt 00:00:11]} Be7 {[%clk
00:54:56]} {[%emt 00:00:11]} 4. d3 {[%clk 00:54:33]} {[%emt 00:00:33]} Nf6
{[%clk 00:54:31]} {[%emt 00:00:31]} 5. Be3 {[%clk 00:53:56]} {[%emt 00:00:42]}
O-O {[%clk 00:54:25]} {[%emt 00:00:11]} 6. O-O {[%clk 00:53:42]} {[%emt
00:00:18]} d6 {[%clk 00:53:54]} {[%emt 00:00:36]} 7. Nbd2 {[%clk 00:53:23]}
{[%emt 00:00:24]} d5 {[%clk 00:53:23]} {[%emt 00:00:36]} 8. exd5 {[%clk
00:52:49]} {[%emt 00:00:39]} Nxd5 {[%clk 00:53:13]} {[%emt 00:00:15]} 9. Re1
{[%clk 00:52:01]} {[%emt 00:00:53]} Be6 {[%clk 00:52:52]} {[%emt 00:00:26]} 10.
Bb3 {[%clk 00:50:39]} {[%emt 00:01:27]} a5 {[%clk 00:51:18]} {[%emt 00:01:39]}
11. a3 {[%clk 00:49:18]} {[%emt 00:01:26]} f5 {[%clk 00:50:00]} {[%emt
00:01:23]} 12. Nc4 {[%clk 00:47:24]} {[%emt 00:01:58]} Bf6 {[%clk 00:49:36]}
{[%emt 00:00:30]} 13. Bd2 {[%clk 00:46:21]} {[%emt 00:01:05]} e4 {[%clk
00:45:14]} {[%emt 00:04:30]} 14. dxe4 {[%clk 00:45:14]} {[%emt 00:01:12]} fxe4
{[%clk 00:45:06]} {[%emt 00:00:13]} 15. Rxe4 {[%clk 00:44:29]} {[%emt
00:00:51]} Bf5 {[%clk 00:43:59]} {[%emt 00:01:11]} 16. Re1 {[%clk 00:44:01]}
{[%emt 00:00:31]} Kh8 {[%clk 00:43:01]} {[%emt 00:01:05]} 17. c3 {[%clk
00:42:52]} {[%emt 00:01:14]} Bg4 {[%clk 00:40:18]} {[%emt 00:02:49]} 18. Ne3
{[%clk 00:41:13]} {[%emt 00:01:43]} Nxe3 {[%clk 00:38:36]} {[%emt 00:01:47]}
19. Bxe3 {[%clk 00:41:01]} {[%emt 00:00:17]} Ne5 {[%clk 00:37:22]} {[%emt
00:01:16]} 20. Qxd8 {[%clk 00:40:34]} {[%emt 00:00:34]} Raxd8 {[%clk 00:36:30]}
{[%emt 00:00:57]} 21. Nxe5 {[%clk 00:40:20]} {[%emt 00:00:20]} Bxe5 {[%clk
00:35:59]} {[%emt 00:00:37]} 22. f3 {[%clk 00:38:45]} {[%emt 00:01:39]} Bf5
{[%clk 00:35:31]} {[%emt 00:00:33]} 23. Bc5 {[%clk 00:37:47]} {[%emt 00:01:03]}
Bd6 {[%clk 00:34:11]} {[%emt 00:01:25]} 24. Bxd6 {[%clk 00:37:38]} {[%emt
00:00:14]} Rxd6 {[%clk 00:33:51]} {[%emt 00:00:25]} 25. Rad1 {[%clk 00:37:25]}
{[%emt 00:00:18]} Rfd8 {[%clk 00:32:58]} {[%emt 00:00:58]} 26. Rxd6 {[%clk
00:36:52]} {[%emt 00:00:38]} cxd6 {[%clk 00:32:49]} {[%emt 00:00:14]} 27. Re7
{[%clk 00:36:31]} {[%emt 00:00:26]} Bd7 {[%clk 00:32:32]} {[%emt 00:00:21]} 28.
Be6 {[%clk 00:35:24]} {[%emt 00:01:13]} Bxe6 {[%clk 00:31:58]} {[%emt
00:00:39]} 29. Rxe6 {[%clk 00:35:18]} {[%emt 00:00:12]} b5 {[%clk 00:30:54]}
{[%emt 00:01:09]} 30. Re7 {[%clk 00:34:55]} {[%emt 00:00:27]} Kg8 {[%clk
00:30:35]} {[%emt 00:00:24]} 31. Rb7 {[%clk 00:34:50]} {[%emt 00:00:11]} b4
{[%clk 00:30:35]} {[%emt 00:00:05]} 32. cxb4 {[%clk 00:34:40]} {[%emt
00:00:15]} axb4 {[%clk 00:30:28]} {[%emt 00:00:11]} 33. Rxb4 {[%clk 00:34:33]}
{[%emt 00:00:12]} d5 {[%clk 00:30:06]} {[%emt 00:00:27]} 34. Rd4 {[%clk
00:34:31]} {[%emt 00:00:08]} Kf7 {[%clk 00:30:02]} {[%emt 00:00:09]} 35. Kf2
{[%clk 00:34:28]} {[%emt 00:00:08]} Ke6 {[%clk 00:29:53]} {[%emt 00:00:14]} 36.
Ke3 {[%clk 00:34:27]} {[%emt 00:00:06]} Ke5 {[%clk 00:29:45]} {[%emt 00:00:13]}
37. a4 {[%clk 00:33:54]} {[%emt 00:00:38]} Rb8 {[%clk 00:28:51]} {[%emt
00:00:58]} 38. b4 {[%clk 00:33:45]} {[%emt 00:00:14]} g5 {[%clk 00:28:17]}
{[%emt 00:00:40]} 39. a5 {[%clk 00:33:18]} {[%emt 00:00:32]} h5 {[%clk
00:28:06]} {[%emt 00:00:16]} 40. g3 {[%clk 00:32:53]} {[%emt 00:00:30]} Rc8
{[%clk 00:27:40]} {[%emt 00:00:29]} 41. f4+ {[%clk 00:32:42]} {[%emt 00:00:17]}
gxf4+ {[%clk 00:27:25]} {[%emt 00:00:21]} 42. gxf4+ {[%clk 00:32:45]} {[%emt
00:00:02]} Ke6 {[%clk 00:27:15]} {[%emt 00:00:15]} 43. Kd2 {[%clk 00:32:35]}
{[%emt 00:00:15]} Rb8 {[%clk 00:26:02]} {[%emt 00:01:18]} 44. Kc3 {[%clk
00:32:04]} {[%emt 00:00:36]} Rc8+ {[%clk 00:25:41]} {[%emt 00:00:25]} 45. Kb3
{[%clk 00:31:30]} {[%emt 00:00:39]} Rc1 {[%clk 00:24:56]} {[%emt 00:00:51]} 46.
b5 {[%clk 00:31:02]} {[%emt 00:00:33]} Rb1+ {[%clk 00:24:47]} {[%emt 00:00:13]}
47. Ka4 {[%clk 00:30:58]} {[%emt 00:00:09]} Ra1+ {[%clk 00:24:43]} {[%emt
00:00:10]} 48. Kb4 {[%clk 00:30:56]} {[%emt 00:00:07]} Kd6 {[%clk 00:23:50]}
{[%emt 00:00:57]} 49. a6 {[%clk 00:30:06]} {[%emt 00:00:55]} Ra2 {[%clk
00:22:42]} {[%emt 00:01:13]} 50. Rd3 {[%clk 00:29:30]} {[%emt 00:00:41]} h4
{[%clk 00:22:21]} {[%emt 00:00:26]} 51. h3 {[%clk 00:29:06]} {[%emt 00:00:30]}
Ra1 {[%clk 00:21:39]} {[%emt 00:00:46]} 52. Ra3 {[%clk 00:28:42]} {[%emt
00:00:29]} Rb1+ {[%clk 00:21:09]} {[%emt 00:00:36]} 53. Kc3 {[%clk 00:28:18]}
{[%emt 00:00:28]} Rc1+ {[%clk 00:20:42]} {[%emt 00:00:32]} 54. Kb2 {[%clk
00:27:56]} {[%emt 00:00:26]} Rc8 {[%clk 00:20:34]} {[%emt 00:00:14]} 55. b6
{[%clk 00:27:33]} {[%emt 00:00:28]} d4 {[%clk 00:20:25]} {[%emt 00:00:14]} 56.
b7 {[%clk 00:27:21]} {[%emt 00:00:17]} Rb8 {[%clk 00:20:11]} {[%emt 00:00:20]}
57. a7 {[%clk 00:27:12]} {[%emt 00:00:13]} Rxb7+ {[%clk 00:20:03]} {[%emt
00:00:14]} 58. Kc2 {[%clk 00:27:08]} {[%emt 00:00:08]} Rc7+ {[%clk 00:19:49]}
{[%emt 00:00:19]} 59. Kd3 {[%clk 00:27:02]} {[%emt 00:00:09]} Rxa7 {[%clk
00:19:31]} {[%emt 00:00:25]} 60. Rxa7 {[%clk 00:27:00]} {[%emt 00:00:08]} Ke6
{[%clk 00:19:30]} {[%emt 00:00:06]} 61. Kxd4 {[%clk 00:26:57]} {[%emt
00:00:08]} Kf5 {[%clk 00:19:16]} {[%emt 00:00:19]} 62. Rh7 {[%clk 00:26:43]}
{[%emt 00:00:18]} Kxf4 {[%clk 00:18:49]} {[%emt 00:00:32]} 63. Rxh4 {[%clk
00:26:17]} {[%emt 00:00:31]} Kg5 {[%clk 00:18:40]} {[%emt 00:00:14]} 64. Rh8
{[%clk 00:26:14]} {[%emt 00:00:09]} Kg6 {[%clk 00:18:28]} {[%emt 00:00:17]} 65.
h4 {[%clk 00:26:10]} {[%emt 00:00:09]} Kg7 {[%clk 00:18:25]} 66. Ra8 {[%clk
00:26:06]} {[%emt 00:00:16]} Kg6 {[%clk 00:18:23]} {[%emt 00:00:08]} 67. Ra5
{[%clk 00:26:05]} {[%emt 00:00:05]} Kh6 {[%clk 00:18:13]} {[%emt 00:00:16]} 68.
h5 {[%clk 00:26:05]} {[%emt 00:00:04]} Kh7 {[%clk 00:18:11]} {[%emt 00:00:08]}
69. Ra6 {[%clk 00:26:03]} {[%emt 00:00:06]} Kg7 {[%emt 00:00:18]} 70. h6+ Kh7
{[%clk 00:18:08]} {[%emt 00:00:02]} 71. Ke5 {[%clk 00:25:47]} {[%emt 00:00:20]}
Kh8 {[%clk 00:18:01]} {[%emt 00:00:13]} 72. Ra7 {[%clk 00:25:44]} {[%emt
00:00:06]} Kg8 {[%clk 00:18:02]} {[%emt 00:00:05]} 73. Kf6 {[%clk 00:25:39]}
{[%emt 00:00:09]} Kh8 {[%clk 00:17:58]} {[%emt 00:00:09]} 74. Kg6 {[%clk
00:25:38]} {[%emt 00:00:06]} Kg8 {[%clk 00:17:56]} {[%emt 00:00:08]} 75. Ra8#
{[%emt 00:00:09]} 1-0

[Event "DVM U10 2024"]
[Site "Düsseldorf GER"]
[Date "2024.12.28"]
[Round "6"]
[White "Rössling, Johannes"]
[Black "Nune, Likhith Siddharth"]
[Result "0-1"]
[Termination "normal"]
[Board "17.1"]
[WhiteElo "1618"]
[BlackElo "1532"]
[WhiteClock "00:00:21"]
[BlackClock "00:10:27"]
[WhiteTeam "Schachzwerge Magdeburg"]
[BlackTeam "SV Dresden-Striesen"]
[PlyCount "68"]
[WhiteFideId "34642773"]
[BlackFideId "34670823"]
[EventCountry "GER"]
[EventRounds "7"]
[EventType "team-swiss"]
[EventDate "2024.12.26"]

1. e4 {[%clk 00:55:08]} {[%emt 00:00:01]} e5 {[%clk 00:55:03]} {[%emt
00:00:08]} 2. Nf3 {[%clk 00:55:06]} {[%emt 00:00:07]} Nc6 {[%clk 00:54:36]}
{[%emt 00:00:31]} 3. d4 {[%clk 00:55:05]} {[%emt 00:00:06]} exd4 {[%clk
00:54:33]} {[%emt 00:00:08]} 4. Nxd4 {[%clk 00:55:04]} {[%emt 00:00:06]} Bc5
{[%clk 00:54:22]} {[%emt 00:00:16]} 5. Be3 {[%clk 00:55:03]} {[%emt 00:00:06]}
Qf6 {[%clk 00:54:20]} {[%emt 00:00:07]} 6. c3 {[%clk 00:55:02]} {[%emt
00:00:06]} Nge7 {[%clk 00:54:12]} {[%emt 00:00:13]} 7. Bc4 {[%clk 00:54:50]}
{[%emt 00:00:17]} d6 {[%clk 00:53:58]} {[%emt 00:00:20]} 8. O-O {[%clk
00:54:41]} {[%emt 00:00:13]} Qg6 {[%clk 00:53:33]} {[%emt 00:00:30]} 9. Qf3
{[%clk 00:50:41]} {[%emt 00:04:05]} Ne5 {[%clk 00:52:58]} {[%emt 00:00:40]} 10.
Bxf7+ {[%emt 00:12:40]} Qxf7 {[%clk 00:51:57]} {[%emt 00:01:03]} 11. Qe2 {[%clk
00:37:46]} {[%emt 00:00:27]} Qg6 {[%clk 00:49:25]} {[%emt 00:02:38]} 12. Nd2
{[%clk 00:36:17]} {[%emt 00:01:34]} Bh3 {[%clk 00:48:43]} {[%emt 00:00:46]} 13.
f4 {[%clk 00:35:54]} {[%emt 00:00:29]} Bg4 {[%clk 00:47:04]} {[%emt 00:01:44]}
14. Qb5+ {[%emt 00:06:30]} N5c6 {[%clk 00:44:49]} {[%emt 00:02:17]} 15. Rae1
{[%clk 00:17:53]} {[%emt 00:11:44]} Bxd4 {[%clk 00:42:22]} {[%emt 00:02:31]}
16. cxd4 {[%clk 00:16:59]} {[%emt 00:01:00]} Bd7 {[%clk 00:38:42]} {[%emt
00:03:44]} 17. d5 {[%clk 00:15:59]} {[%emt 00:01:06]} a6 {[%clk 00:36:12]}
{[%emt 00:02:34]} 18. Qxb7 {[%clk 00:15:02]} {[%emt 00:01:02]} Rb8 {[%clk
00:35:09]} {[%emt 00:01:08]} 19. Qxc7 {[%clk 00:13:47]} {[%emt 00:01:20]} Rc8
{[%clk 00:34:22]} {[%emt 00:00:52]} 20. Qb6 {[%clk 00:13:31]} {[%emt 00:00:20]}
Nb8 {[%clk 00:29:03]} {[%emt 00:05:26]} 21. f5 {[%clk 00:10:18]} {[%emt
00:03:18]} Qf7 {[%clk 00:26:53]} {[%emt 00:02:15]} 22. Qxd6 {[%clk 00:09:45]}
{[%emt 00:00:38]} Qf6 {[%clk 00:25:07]} {[%emt 00:01:50]} 23. Qb4 {[%clk
00:07:12]} {[%emt 00:02:36]} O-O {[%clk 00:23:17]} {[%emt 00:01:58]} 24. Bd4
{[%clk 00:06:48]} {[%emt 00:00:29]} Qf7 {[%clk 00:20:12]} {[%emt 00:03:10]} 25.
Rf3 {[%clk 00:05:24]} {[%emt 00:01:28]} Nxd5 {[%clk 00:18:04]} {[%emt
00:02:14]} 26. exd5 {[%clk 00:04:35]} {[%emt 00:00:54]} Qxd5 {[%clk 00:17:25]}
{[%emt 00:00:43]} 27. Rg3 {[%clk 00:03:57]} {[%emt 00:00:45]} Rf7 {[%clk
00:15:58]} {[%emt 00:01:32]} 28. Qb3 {[%clk 00:03:26]} {[%emt 00:00:35]} Qxd4+
{[%clk 00:14:50]} {[%emt 00:01:13]} 29. Qe3 {[%clk 00:03:17]} {[%emt 00:00:13]}
Qxe3+ {[%clk 00:14:18]} {[%emt 00:00:37]} 30. Rgxe3 {[%clk 00:03:07]} {[%emt
00:00:15]} Rxf5 {[%clk 00:13:34]} {[%emt 00:00:50]} 31. Rd3 {[%clk 00:01:51]}
{[%emt 00:01:22]} Bb5 {[%clk 00:12:50]} {[%emt 00:00:48]} 32. Rd6 {[%clk
00:01:14]} {[%emt 00:00:41]} Rf6 {[%clk 00:12:05]} {[%emt 00:00:51]} 33. Rd5
{[%clk 00:00:59]} {[%emt 00:00:18]} Rg6 {[%clk 00:11:36]} {[%emt 00:00:36]} 34.
Rd4 {[%clk 00:00:21]} {[%emt 00:00:43]} Nc6 {[%clk 00:10:27]} {[%emt 00:01:14]}
0-1

[Event "DVM U10 2024"]
[Site "Düsseldorf GER"]
[Date "2024.12.28"]
[Round "6"]
[White "White, William"]
[Black "Leppin, Mattis"]
[Result "1-0"]
[Termination "normal"]
[Board "18.1"]
[WhiteElo "1751"]
[BlackElo "1138"]
[WhiteClock "00:05:12"]
[BlackClock "00:04:12"]
[WhiteTeam "SG Solingen"]
[BlackTeam "Findorffer Sfr"]
[PlyCount "152"]
[WhiteFideId "34669469"]
[EventCountry "GER"]
[EventRounds "7"]
[EventType "team-swiss"]
[EventDate "2024.12.26"]

1. e4 {[%clk 00:55:08]} {[%emt 00:00:01]} c6 {[%clk 00:55:07]} {[%emt
00:00:04]} 2. d4 {[%clk 00:55:10]} {[%emt 00:00:03]} d5 {[%clk 00:55:06]}
{[%emt 00:00:06]} 3. e5 {[%clk 00:55:05]} {[%emt 00:00:10]} Bf5 {[%clk
00:55:06]} {[%emt 00:00:04]} 4. Bd3 {[%clk 00:55:01]} {[%emt 00:00:09]} Bxd3
{[%clk 00:55:00]} {[%emt 00:00:11]} 5. Qxd3 {[%clk 00:55:02]} {[%emt 00:00:04]}
e6 {[%clk 00:54:56]} {[%emt 00:00:09]} 6. Nf3 {[%clk 00:54:34]} {[%emt
00:00:34]} Nd7 {[%clk 00:54:47]} {[%emt 00:00:13]} 7. Be3 {[%clk 00:52:04]}
{[%emt 00:02:36]} g6 {[%clk 00:54:03]} {[%emt 00:00:49]} 8. Nbd2 {[%clk
00:51:16]} {[%emt 00:00:53]} Bg7 {[%clk 00:53:55]} {[%emt 00:00:13]} 9. O-O
{[%clk 00:48:25]} {[%emt 00:02:55]} Ne7 {[%clk 00:53:27]} {[%emt 00:00:33]} 10.
c4 {[%clk 00:46:57]} {[%emt 00:01:33]} O-O {[%clk 00:53:16]} {[%emt 00:00:17]}
11. cxd5 {[%clk 00:45:41]} {[%emt 00:01:20]} Nxd5 {[%clk 00:52:45]} {[%emt
00:00:35]} 12. Nc4 {[%clk 00:44:43]} {[%emt 00:01:04]} f6 {[%clk 00:51:36]}
{[%emt 00:01:15]} 13. exf6 {[%clk 00:40:43]} {[%emt 00:04:05]} N7xf6 {[%clk
00:50:54]} {[%emt 00:00:46]} 14. Rfe1 {[%clk 00:40:03]} {[%emt 00:00:45]} Re8
{[%clk 00:49:45]} {[%emt 00:01:14]} 15. Re2 {[%clk 00:38:31]} {[%emt 00:01:37]}
Nd7 {[%clk 00:47:52]} {[%emt 00:01:57]} 16. Bd2 {[%clk 00:37:28]} {[%emt
00:01:09]} Qc7 {[%clk 00:47:08]} {[%emt 00:00:45]} 17. Rae1 {[%clk 00:36:32]}
{[%emt 00:01:06]} Nf8 {[%clk 00:45:42]} {[%emt 00:01:29]} 18. Ng5 {[%clk
00:34:20]} {[%emt 00:02:18]} Qd7 {[%clk 00:45:17]} {[%emt 00:00:28]} 19. Na5
{[%clk 00:31:55]} {[%emt 00:02:32]} b6 {[%clk 00:44:26]} {[%emt 00:00:56]} 20.
Nb3 {[%clk 00:31:47]} {[%emt 00:00:13]} Re7 {[%clk 00:43:52]} {[%emt 00:00:38]}
21. Qh3 {[%clk 00:30:40]} {[%emt 00:01:13]} Rae8 {[%clk 00:42:56]} {[%emt
00:01:00]} 22. Nf3 {[%clk 00:28:30]} {[%emt 00:02:16]} Bf6 {[%clk 00:37:21]}
{[%emt 00:05:40]} 23. Qg3 {[%clk 00:27:13]} {[%emt 00:01:23]} Kg7 {[%clk
00:27:03]} {[%emt 00:10:22]} 24. Bg5 {[%clk 00:26:19]} {[%emt 00:00:59]} Bxg5
{[%clk 00:25:29]} {[%emt 00:01:40]} 25. Nxg5 {[%clk 00:25:42]} {[%emt
00:00:42]} a5 {[%clk 00:23:46]} {[%emt 00:01:47]} 26. Qe5+ {[%clk 00:25:16]}
{[%emt 00:00:32]} Kg8 {[%clk 00:22:09]} {[%emt 00:01:41]} 27. a3 {[%clk
00:23:40]} {[%emt 00:01:42]} Qc7 {[%clk 00:21:29]} {[%emt 00:00:44]} 28. Qxc7
{[%clk 00:22:25]} {[%emt 00:01:21]} Nxc7 {[%clk 00:21:13]} {[%emt 00:00:21]}
29. Nd2 {[%clk 00:21:42]} {[%emt 00:00:48]} Nd5 {[%clk 00:20:52]} {[%emt
00:00:25]} 30. Nc4 {[%clk 00:21:08]} {[%emt 00:00:40]} Nc7 {[%clk 00:19:03]}
{[%emt 00:01:54]} 31. Nxb6 {[%clk 00:19:35]} {[%emt 00:01:37]} h6 {[%clk
00:18:41]} {[%emt 00:00:28]} 32. Nf3 {[%clk 00:19:22]} {[%emt 00:00:17]} Kg7
{[%clk 00:17:17]} {[%emt 00:01:30]} 33. Ne5 {[%clk 00:18:57]} {[%emt 00:00:30]}
Nd5 {[%clk 00:13:43]} {[%emt 00:03:38]} 34. Nxd5 {[%clk 00:17:45]} {[%emt
00:01:17]} exd5 {[%clk 00:13:25]} {[%emt 00:00:23]} 35. Rc2 {[%clk 00:16:35]}
{[%emt 00:01:15]} Nd7 {[%clk 00:12:21]} {[%emt 00:01:08]} 36. f4 {[%clk
00:16:07]} {[%emt 00:00:34]} Nxe5 {[%clk 00:10:23]} {[%emt 00:02:03]} 37. fxe5
{[%clk 00:16:00]} {[%emt 00:00:12]} Rc8 {[%clk 00:10:04]} {[%emt 00:00:23]} 38.
Rec1 {[%clk 00:16:01]} {[%emt 00:00:05]} Rec7 {[%clk 00:09:52]} {[%emt
00:00:17]} 39. Rc5 {[%clk 00:15:53]} {[%emt 00:00:13]} Rb7 {[%clk 00:08:54]}
{[%emt 00:01:03]} 40. Rxd5 {[%clk 00:14:32]} {[%emt 00:01:25]} cxd5 {[%clk
00:08:41]} {[%emt 00:00:19]} 41. Rxc8 {[%clk 00:14:30]} {[%emt 00:00:08]} Rxb2
{[%clk 00:08:35]} {[%emt 00:00:10]} 42. Rc5 {[%clk 00:14:26]} {[%emt 00:00:09]}
Rb1+ {[%clk 00:07:43]} {[%emt 00:00:57]} 43. Kf2 {[%clk 00:14:20]} {[%emt
00:00:11]} Rb2+ {[%clk 00:07:24]} {[%emt 00:00:24]} 44. Ke1 {[%clk 00:12:26]}
{[%emt 00:02:00]} Rb1+ {[%clk 00:06:59]} {[%emt 00:00:30]} 45. Kd2 {[%clk
00:12:16]} {[%emt 00:00:14]} Rb2+ {[%emt 00:00:12]} 46. Kc3 {[%clk 00:11:46]}
{[%emt 00:00:29]} Rxg2 {[%emt 00:00:21]} 47. Rxa5 {[%clk 00:11:32]} {[%emt
00:00:06]} Rxh2 {[%clk 00:06:47]} {[%emt 00:00:14]} 48. Rxd5 {[%clk 00:11:32]}
{[%emt 00:00:04]} Rh3+ {[%clk 00:06:45]} {[%emt 00:00:07]} 49. Kb4 {[%clk
00:11:31]} {[%emt 00:00:05]} g5 {[%clk 00:06:42]} {[%emt 00:00:09]} 50. Rc5
{[%clk 00:10:56]} {[%emt 00:00:41]} g4 {[%clk 00:06:42]} {[%emt 00:00:05]} 51.
a4 {[%clk 00:09:41]} {[%emt 00:01:19]} g3 {[%clk 00:06:40]} {[%emt 00:00:07]}
52. Rc1 {[%clk 00:09:42]} {[%emt 00:00:04]} Rh4 {[%clk 00:06:16]} {[%emt
00:00:30]} 53. Kc5 {[%clk 00:08:51]} {[%emt 00:00:56]} g2 {[%clk 00:05:53]}
{[%emt 00:00:28]} 54. Rg1 {[%clk 00:08:49]} {[%emt 00:00:07]} Rg4 {[%clk
00:05:49]} {[%emt 00:00:09]} 55. a5 {[%clk 00:08:48]} {[%emt 00:00:06]} Rg6
{[%clk 00:05:35]} {[%emt 00:00:19]} 56. Kb5 {[%clk 00:08:22]} {[%emt 00:00:31]}
h5 {[%clk 00:05:34]} {[%emt 00:00:06]} 57. a6 {[%clk 00:08:16]} {[%emt
00:00:10]} Kh8 {[%clk 00:05:11]} {[%emt 00:00:28]} 58. a7 {[%clk 00:08:14]}
{[%emt 00:00:08]} Rg8 {[%clk 00:05:11]} {[%emt 00:00:05]} 59. Rxg2 {[%clk
00:07:47]} {[%emt 00:00:32]} Rxg2 {[%clk 00:05:10]} {[%emt 00:00:06]} 60. a8=Q+
{[%clk 00:07:42]} {[%emt 00:00:08]} Rg8 {[%clk 00:05:08]} {[%emt 00:00:08]} 61.
Qh1 {[%clk 00:07:38]} {[%emt 00:00:09]} Rb8+ {[%clk 00:04:56]} {[%emt
00:00:17]} 62. Kc4 {[%clk 00:07:32]} {[%emt 00:00:12]} Rc8+ {[%clk 00:04:59]}
{[%emt 00:00:02]} 63. Kd3 {[%clk 00:07:28]} {[%emt 00:00:08]} Kg7 {[%clk
00:04:56]} 64. Qxh5 {[%clk 00:07:27]} {[%emt 00:00:14]} Rh8 {[%clk 00:04:57]}
65. Qg5+ {[%clk 00:07:26]} {[%emt 00:00:11]} Kf8 {[%clk 00:04:50]} {[%emt
00:00:11]} 66. Qf6+ {[%clk 00:07:25]} {[%emt 00:00:06]} Kg8 {[%clk 00:04:54]}
{[%emt 00:00:02]} 67. e6 {[%clk 00:07:17]} {[%emt 00:00:13]} Rh6 {[%clk
00:04:45]} {[%emt 00:00:14]} 68. Qf7+ {[%clk 00:06:49]} {[%emt 00:00:32]} Kh8
{[%clk 00:04:44]} {[%emt 00:00:06]} 69. e7 {[%clk 00:06:48]} {[%emt 00:00:06]}
Rh3+ {[%clk 00:04:33]} {[%emt 00:00:17]} 70. Ke4 {[%clk 00:06:42]} {[%emt
00:00:11]} Rh4+ {[%clk 00:04:37]} 71. Kf5 {[%clk 00:06:28]} {[%emt 00:00:19]}
Rf4+ {[%clk 00:04:35]} {[%emt 00:00:06]} 72. Kg6 {[%clk 00:06:11]} {[%emt
00:00:22]} Rg4+ {[%clk 00:04:35]} {[%emt 00:00:05]} 73. Kf5 {[%clk 00:05:46]}
{[%emt 00:00:30]} Rf4+ {[%clk 00:04:37]} {[%emt 00:00:04]} 74. Ke5 {[%clk
00:05:33]} {[%emt 00:00:18]} Re4+ {[%clk 00:04:38]} {[%emt 00:00:03]} 75. Kd6
{[%clk 00:05:17]} {[%emt 00:00:21]} Rxd4+ {[%clk 00:04:11]} {[%emt 00:00:32]}
76. Kc7 {[%clk 00:05:12]} {[%emt 00:00:10]} Rd7+ {[%clk 00:04:12]} {[%emt
00:00:04]} 1-0